Statistics for The Worst Video Games

Click here to take the quiz!

General Stats

  • This quiz has been taken 14 times
  • The average score is 6 of 20

Answer Stats

Answer% Correct
No Man's Sky
83%
Superman 64
67%
Bubsy 3D
58%
Mass Effect: Andromeda
58%
Dead Space 3
42%
Hong Kong '97
42%
Leisure Suit Larry: Box Office Bust
33%
Battlefield Hardline
25%
Postal 4
25%
Devil May Cry 2
17%
Lula 3D
17%
Redfall
17%
Rogue Warrior
17%
Saints Row (2021)
17%
25 to Life
8%
Boiling Point: Road to Hell
8%
Call of Cthulhu
8%
LADA Racing Club
8%
The Quiet Man
8%
Warcraft 3: Reforged
8%

Score Distribution

Percentile by Number Answered

Percent of People with Each Score

Your Score History

You have not taken this quiz